000 00814nam a22002297a 4500
003 BUBTL
008 221130b ||||| |||| 00| 0 eng d
020 _a9781350093225
082 _a822.33/ G1298a/ 2021
100 _95005
_aGajowski, Evelyn
245 _aThe Arden Research Handbook of Contemporary Shakespeare Criticism/
_cEvelyn Gajowski
250 _a1st Edn.
260 _aLondon:
_bBloomsbury Publishing Plc,
_cc2021
300 _axviii, 368 p.:
_c25 cm.
440 _91991
_aThe Arden Shakespeare
500 _aIncludes Index
505 _aThe Arden Research Handbook of Contemporary Shakespeare Criticism, Shakespeare, Arden Research Handbook, Evelyn Gajowski, English
650 0 _91994
_aEnglish Literature
856 _k0
_l0
_yDownload
942 _2ddc
_cBK
999 _c6844
_d6844